Flagi państw świata w 1936 roku - Statystyki

Ogólne statystyki
  • Ten quiz został rozwiązany 361 razy
    359 od ostatniego zresetowania
  • Średni wynik to 58 z 78
Statystyki odpowiedzi
Obrazkowy Odpowiedź % Poprawnych
Albania
98%
Argentyna
95%
Australia
95%
Belgia
95%
Arabia Saudyjska
94%
Austria
94%
Brazylia
94%
Afganistan
93%
Carstwo Bułgarii
93%
Cesarstwo Japońskie
93%
Chile
93%
Dania
93%
Czechosłowacja
91%
Estonia
91%
Finlandia
91%
Francja
91%
Holandia
90%
II Rzeczpospolita
90%
Irlandia
90%
Kolumbia
88%
Królestwo Rumunii
88%
Litwa
87%
Łotwa
87%
Luksemburg
87%
Meksyk
87%
Królestwo Włoch
86%
Norwegia
86%
Portugalia
86%
Ekwador
85%
Królestwo Nepalu
85%
Królestwo Węgier
85%
Nowa Zelandia
85%
Kuba
84%
Monako
84%
Stany Zjednoczone
84%
Dominikana
83%
San Marino
83%
Szwajcaria
83%
Szwecja
83%
Turcja
83%
Watykan
83%
Wielka Brytania
83%
Druga Republika Hiszpańska
82%
Haiti
82%
Panama
82%
Związek Radziecki
82%
Peru
81%
Urugwaj
81%
Wenezuela
81%
Boliwia
80%
Honduras
80%
Liberia
78%
Kostaryka
75%
Gwatemala
73%
Jugosławia
73%
Liechtenstein
73%
Nikaragua
73%
Rzesza Niemiecka
72%
Republika Chińska
69%
Salwador
68%
Cesarstwo Etiopii
67%
Mongolska Republika Ludowa
64%
Kanada
60%
Królestwo Grecji
60%
Wolne Miasto Gdańsk
55%
Tybet
54%
Związek Południowej Afryki
50%
Andora
49%
Persja
48%
Królestwo Iraku
42%
Syjam
41%
Królestwo Egiptu
36%
Królestwo Jemenu
31%
Tuwińska Republika Ludowa
26%
Mandżukuo
24%
Oman-Maskat
24%
Turkestan
7%
Sułtanat Aussy
3%
Nie znaleziono quizów pasujących do podanych kryteriów
Rozkład punktacji
Procent ludzi z każdym wynikiem
Percentyl według liczby udzielonych odpowiedzi
Twoja historia wyników
Nie rozwiązałeś tego quizu od ostatniego zresetowania